The postmaster provisionals of Freudenstadt (Record no. 1879)

000 -LEADER
fixed length control field 00402nam a22000977a 4500
008 - FIXED-LENGTH DATA ELEMENTS--GENERAL INFORMATION
fixed length control field 160328b xxu||||| |||| 00| 0 eng d
100 ## - MAIN ENTRY--AUTHOR'S NAME
Author's Name Heinz, Alfred
245 ## - TITLE STATEMENT
Title The postmaster provisionals of Freudenstadt
260 ## - PUBLICATION, DISTRIBUTION, ETC. (IMPRINT)
Place of publication, distribution, etc. Valparaiso, Indiana
Name of publisher, distributor, etc. Germany Philatelic Society, Inc
Date of publication, distribution, etc. 1966
650 ## - TOPICAL TERM (Tag)
Topical term or geographic name Germany -- Freudenstadt | Provisionals and Forerunners 1945 | Postal Markings | Postal History | Allied Occupation
Holdings
Withdrawn status Lost status Source of classification or shelving scheme Damaged status Koha normalized classification for sorting Not for loan Permanent Location Current Location Date acquired Total Checkouts Full call number Barcode Date last seen Copy number Price effective from Collection code Shelving location
        G6428 F73 H472   Northern Philatelic Library Northern Philatelic Library 03/28/2016   G6428 .F73 H472 1002181 03/28/2016 1 03/28/2016    
        G6428 F73 H472   Northern Philatelic Library Northern Philatelic Library 04/15/2017   G6428 F73 H472 1003109 04/15/2017 2 04/15/2017 Al Hyman General Stacks

Powered by Koha